01432nam a2200337 a 4500001001000000003000500010005001700015008004100032010001100073011001100084040000900095090001000104100004000114245012900154260004100283500006000324502008400384590004000468590004000508650003300548650004600581650004000627650004900667856007000716901000700786942001000793942000600803999001900809952013100828952013500959000113238CHAP20220329144345.0170523s2016 mx a fsm |||||||spa d a109699 a110671 cCHAP aTesis1 aCoronado Vásquez, Antonia913231110aUso de silicio en lechuga (Lactuca sativa) en sistema NFT y raíz flotante /h[En línea]cpor Antonia Coronado Vásquez. aChapingo, Méx. :bEl autor,c2016. aPara ver el contenido del material haga clic en la liga aTesis (Lic. Agr. en Horticultura Protegida) -- UACH. Departamento de Fitotecnia aE8697GMMb05c20170523lUCH01h0910 aE8697GMMb05c20170523lUCH01h094414aLechugaxCrecimiento.96545614aLechugaxCultivos hidropónicos.913020914aSilicioxEfecto en lechuga.913232814aSoluciones nutritivasxAplicación.9130911 aFinding aiduhttp://10.13.5.2/tesis/sist113238.pdfzTeclea aquí aBK cTESIS n0 c109699d109699 00104054718TESISaBCbBCd2017-05-23fTESISl0oTesisp113240-10r2019-12-31 00:00:00w2019-12-31yTESISzRecien adquirido 00102local4053708TESISaBCbBCcPA_TESISd2017-05-23fTESISl0oTesisp113240-20r2019-12-31 00:00:00tc.2w2019-12-31yTESIS